Quantitative decision making (Record no. 3268)

MARC details
000 -LEADER
fixed length control field 00597pam a2200193 a 4500
003 - CONTROL NUMBER IDENTIFIER
control field URS
005 - DATE AND TIME OF LATEST TRANSACTION
control field 20220114142434.0
008 - FIXED-LENGTH DATA ELEMENTS--GENERAL INFORMATION
fixed length control field 190226s1986 caua b 001 0 eng
020 ## - INTERNATIONAL STANDARD BOOK NUMBER
International Standard Book Number 0534053645 :
040 ## - CATALOGING SOURCE
Transcribing agency URS
Modifying agency rda
Language of cataloging eng
050 00 - LIBRARY OF CONGRESS CALL NUMBER
Classification number HD 30.23
Item number .F7215 1986
100 1# - MAIN ENTRY--PERSONAL NAME
Personal name Forgionne, Guisseppi A.,
Dates associated with a name 1945-
245 10 - TITLE STATEMENT
Title Quantitative decision making
Statement of responsibility, etc. Guisseppi A. Forgionne.
260 ## - PUBLICATION, DISTRIBUTION, ETC.
Place of publication, distribution, etc. Belmont, Calif. :
Name of publisher, distributor, etc. Wadsworth Pub.,
Date of publication, distribution, etc. [1986.]
300 ## - PHYSICAL DESCRIPTION
Extent xx, 901 pages
Other physical details with illustrations
Dimensions 24 cm
504 ## - BIBLIOGRAPHY, ETC. NOTE
Bibliography, etc. note Includes bibliographies and indexes.
650 #0 - SUBJECT ADDED ENTRY--TOPICAL TERM
Topical term or geographic name entry element Management science.
942 ## - ADDED ENTRY ELEMENTS (KOHA)
Source of classification or shelving scheme Library of Congress Classification
Koha item type Foreign Books
Holdings
Withdrawn status Source of classification or shelving scheme Damaged status Not for loan Collection code Home library Current library Shelving location Date acquired Total Checkouts Full call number Barcode Date last seen Price effective from Koha item type
  Library of Congress Classification     Non-fiction Cainta College Library Cainta College Library On Display 02/26/2019   HD 30.23.F7215 1986 URSCAI-4305 11/04/2016 11/04/2016 Foreign Books

University of Rizal System
Email us at univlibservices@urs.edu.ph

Visit our Website www.urs.edu.ph/library